[Event "GER S1G1 enginefrei email"]
[Site "GER email"]
[Date "2014.03.08"]
[Round "?"]
[White "Buse, Detlef"]
[Black "Eschert, Uwe"]
[Result "1-0"]
[WhiteElo "2213"]
[BlackElo "2055"]
[PlyCount "45"]
[EventDate "2014.03.14"]
[EventType "tourn (corr)"]
[EventRounds "6"]
[EventCountry "GER"]
[SourceTitle "Corr 2020"]
[Source "ChessBase"]
[SourceDate "2019.09.30"]
[SourceVersion "1"]
[SourceVersionDate "2019.09.30"]
[SourceQuality "1"]

1. e4 c6 2. d4 d5 3. e5 Bf5 4. Nf3 e6 5. Be2 c5 6. Be3 cxd4 7. Nxd4 Ne7 8. Nd2 Nbc6 9. N2f3 Be4 10. 0-0 Ng6 11. Nxc6 bxc6 12. Nd2 Bf5 13. g4 d4 14. gxf5 dxe3 15. fxe3 Nxe5 16. fxe6 fxe6 17. Qe1 Qg5+ 18. Kh1 0-0-0 19. Ba6+ Kb8 20. Ne4 Qg6 21. Rf4 Rd5 22. Qc3 Qe8 23. Qb3+ 1-0

[Event "GER S1G1 enginefrei email"]
[Site "GER email"]
[Date "2014.03.08"]
[Round "?"]
[White "Krauss, Heiko"]
[Black "Buse, Detlef"]
[Result "1/2-1/2"]
[WhiteElo "2125"]
[BlackElo "2213"]
[PlyCount "51"]
[EventDate "2014.03.14"]
[EventType "tourn (corr)"]
[EventRounds "6"]
[EventCountry "GER"]
[SourceTitle "Corr 2020"]
[Source "ChessBase"]
[SourceDate "2019.09.30"]
[SourceVersion "1"]
[SourceVersionDate "2019.09.30"]
[SourceQuality "1"]

1. e4 e5 2. Nf3 Nc6 3. Bb5 a6 4. Bxc6 dxc6 5. 0-0 f6 6. d4 Bg4 7. c3 Bd6 8. Be3 Qe7 9. Nbd2 0-0-0 10. h3 Bh5 11. Qc2 exd4 12. cxd4 Qe6 13. b4 Ne7 14. b5 axb5 15. a4 Bxf3 16. Nxf3 b4 17. a5 g5 18. a6 b6 19. d5 cxd5 20. Bxb6 g4 21. e5 fxe5 22. Rfc1 Qg6 23. Qxc7+ Bxc7 24. Rxc7+ Kb8 25. Rb7+ Ka8 26. Ra7+ 1/2-1/2

[Event "GER S1G1 enginefrei email"]
[Site "GER email"]
[Date "2014.03.08"]
[Round "?"]
[White "Peters, Andreas"]
[Black "Buse, Detlef"]
[Result "1/2-1/2"]
[WhiteElo "2022"]
[BlackElo "2213"]
[PlyCount "56"]
[EventDate "2014.03.14"]
[EventType "tourn (corr)"]
[EventRounds "6"]
[EventCountry "GER"]
[SourceTitle "Corr 2020"]
[Source "ChessBase"]
[SourceDate "2019.09.30"]
[SourceVersion "1"]
[SourceVersionDate "2019.09.30"]
[SourceQuality "1"]

1. d4 d5 2. c4 c6 3. Nc3 Nf6 4. Nf3 dxc4 5. a4 Bf5 6. Ne5 Nbd7 7. Nxc4 Qc7 8. g3 e5 9. dxe5 Nxe5 10. Bf4 Nfd7 11. Bg2 g5 12. Ne3 gxf4 13. Nxf5 0-0-0 14. Qc2 Nc5 15. 0-0 fxg3 16. hxg3 a5 17. Rad1 h5 18. Rxd8+ Qxd8 19. Rd1 Qf6 20. Bh3 Kb8 21. Qd2 h4 22. g4 Rg8 23. Kh1 Nc4 24. Qf4+ Ne5 25. Ne4 Nxe4 26. Qxe4 Bc5 27. g5 Qe6 28. e3 Ka7 1/2-1/2

[Event "Hannover Ihme Cup"]
[Site "Hannover"]
[Date "2013.05.05"]
[Round "4"]
[White "Spiess, Thomas"]
[Black "Buse, Detlef"]
[Result "1-0"]
[WhiteElo "2036"]
[BlackElo "1883"]
[PlyCount "137"]
[EventDate "2013.05.03"]
[EventType "swiss"]
[EventRounds "5"]
[EventCountry "GER"]
[SourceTitle "EXT 2021"]
[Source "ChessBase"]
[SourceDate "2020.10.23"]
[SourceVersion "1"]
[SourceVersionDate "2020.10.23"]
[SourceQuality "1"]

1. d4 d5 2. Nf3 Nf6 3. e3 c6 4. c4 Bf5 5. Nc3 e6 6. Nh4 Bg6 7. Nxg6 hxg6 8. Bd3 Nbd7 9. Bd2 Qc7 10. h3 dxc4 11. Bxc4 Nb6 12. Bb3 Nbd5 13. Qf3 g5 14. 0-0-0 Nxc3 15. Bxc3 Be7 16. Kb1 Nd5 17. Bd2 a5 18. e4 Nf4 19. h4 0-0-0 20. g3 a4 21. Bc2 Rxd4 22. gxf4 gxh4 23. Bc3 Rxd1+ 24. Rxd1 f6 25. Bxa4 Bd6 26. Bb3 e5 27. f5 Kb8 28. Qg2 h3 29. Qg3 Bc5 30. Rh1 Bd4 31. Rxh3 Rxh3 32. Qxh3 Bxf2 33. Qh8+ Ka7 34. Qg8 Bd4 35. Qc4 Bxc3 36. Qxc3 Qb6 37. a3 Qf2 38. Ka2 Qg2 39. Qe3+ Kb8 40. Bf7 Qg4 41. Qd3 Ka7 42. Qc4 Kb8 43. a4 Qf4 44. a5 Qe3 45. Qb4 Ka7 46. Qb6+ Qxb6 47. axb6+ Kxb6 48. Kb3 Kc5 49. Kc3 b6 50. Be8 Kd6 51. Kc4 Kc7 52. b4 Kd6 53. b5 c5 54. Bf7 Ke7 55. Bg8 Kd6 56. Bh7 Kd7 57. Kd5 Kc7 58. Bg8 Kd7 59. Bf7 Ke7 60. Be6 c4 61. Kxc4 g5 62. Kd3 Kd6 63. Bf7 Kc5 64. Be8 Kb4 65. Bd7 Kb3 66. Bc6 Kb4 67. Ke3 Kc5 68. Kf3 Kd6 69. Bd5 1-0